LEADER 00987nam0-22003371i-450- 001 990004453460403321 005 20100915105112.0 035 $a000445346 035 $aFED01000445346 035 $a(Aleph)000445346FED01 035 $a000445346 100 $a19990604d1961----km-y0itay50------ba 101 0 $afre 102 $aFR 105 $ay-------001yy 200 1 $aPéché d'Adam et péché du monde$eBible - Kippur eucharistie$fLouis Ligier 210 $aParis$cAubier$d1961 215 $a2 v. (319; 486 p.)$d23 cm 225 1 $aThéologie$v43$v48 327 1 $a1.: L'Ancien Testament$a2.: Le Nouveau Testament 676 $a233.14 676 $a221.04 700 1$aLigier,$bLouis$0177557 801 0$aIT$bUNINA$gRICA$2UNIMARC 901 $aBK 912 $a990004453460403321 952 $a233.14 LIG 1 (2)$bBibl.36298$fFLFBC 952 $a233.14 LIG 1 (1)$bBibl.33456$fFLFBC 959 $aFLFBC 996 $aPéché d'Adam et péché du monde$9544439 997 $aUNINA